Zgadnij bajkę po kadrze - Statystyki

Ogólne statystyki
  • Ten quiz został rozwiązany 79 razy
  • Średni wynik to 12 z 16
Statystyki odpowiedzi
Obrazkowy Odpowiedź % Poprawnych
Krecik
100%
Smerfy
99%
Pszczółka Maja
97%
Reksio
97%
Bolek i Lolek
96%
Sąsiedzi
94%
Gumisie
93%
Miś Uszatek
89%
Wilk i zając
80%
Rumcajs
75%
Zaczarowany ołówek
73%
Żwirek i muchomorek
59%
Dziwne przygody Koziołka Matołka
52%
Przygody kota Filemona
49%
Porwanie Baltazara Gąbki
27%
Pampalini łowca zwierząt
7%
Nie znaleziono quizów pasujących do podanych kryteriów
Rozkład punktacji
Procent ludzi z każdym wynikiem
Percentyl według liczby udzielonych odpowiedzi
Twoja historia wyników
Nie rozwiązałeś tego quizu